Conversations with God : (Record no. 598)

MARC details
000 -LEADER
fixed length control field 01408cam a2200337 a 4500
001 - CONTROL NUMBER
control field 3053695
003 - CONTROL NUMBER IDENTIFIER
control field AUA.1
005 - DATE AND TIME OF LATEST TRANSACTION
control field 20160126160041.0
008 - FIXED-LENGTH DATA ELEMENTS--GENERAL INFORMATION
fixed length control field 960730r19969999nyu 001 0deng
010 ## - LIBRARY OF CONGRESS CONTROL NUMBER
LC control number 96034667
020 ## - INTERNATIONAL STANDARD BOOK NUMBER
International Standard Book Number 0399142789 (v. 1 : alk. paper)
040 ## - CATALOGING SOURCE
Original cataloging agency DLC
Transcribing agency DLC
Modifying agency DLC
050 00 - LIBRARY OF CONGRESS CALL NUMBER
Classification number BF 1999
Item number .W228 1996
082 00 - DEWEY DECIMAL CLASSIFICATION NUMBER
Classification number 133.9/3
Edition number 20
100 1# - MAIN ENTRY--PERSONAL NAME
Personal name Walsch, Neale Donald.
9 (RLIN) 2091
245 10 - TITLE STATEMENT
Title Conversations with God :
Remainder of title an uncommon dialogue /
Statement of responsibility, etc Neale Donald Walsch.
250 ## - EDITION STATEMENT
Edition statement 1st hardcover ed.
260 ## - PUBLICATION, DISTRIBUTION, ETC. (IMPRINT)
Place of publication, distribution, etc New York :
Name of publisher, distributor, etc G.P. Putnam's Sons,
Date of publication, distribution, etc 1996-
300 ## - PHYSICAL DESCRIPTION
Extent v. <1 > ;
Dimensions 22 cm.
500 ## - GENERAL NOTE
General note Originally published: Hampton Roads Pub., 1995.
500 ## - GENERAL NOTE
General note Includes index.
650 #0 - SUBJECT ADDED ENTRY--TOPICAL TERM
Topical term or geographic name as entry element God
General subdivision Miscellanea.
9 (RLIN) 2092
650 #0 - SUBJECT ADDED ENTRY--TOPICAL TERM
Topical term or geographic name as entry element Spiritual life
General subdivision Miscellanea.
9 (RLIN) 2093
650 #0 - SUBJECT ADDED ENTRY--TOPICAL TERM
Topical term or geographic name as entry element Private revelations.
9 (RLIN) 2094
650 #0 - SUBJECT ADDED ENTRY--TOPICAL TERM
Topical term or geographic name as entry element Imaginary conversations
9 (RLIN) 51291
856 42 - ELECTRONIC LOCATION AND ACCESS
Materials specified Publisher description
Uniform Resource Identifier <a href="http://www.loc.gov/catdir/enhancements/fy0716/96034667-d.html">http://www.loc.gov/catdir/enhancements/fy0716/96034667-d.html</a>
906 ## - LOCAL DATA ELEMENT F, LDF (RLIN)
a 7
b cbc
c orignew
d 1
e ocip
f 19
g y-gencatlg
942 ## - ADDED ENTRY ELEMENTS (KOHA)
Source of classification or shelving scheme Library of Congress Classification
Koha item type Books
Classification part BF 1999
Item part .W228 1996
Holdings
Withdrawn status Lost status Source of classification or shelving scheme Damaged status Not for loan Collection code Home library Current library Shelving location Date acquired Source of acquisition Cost, normal purchase price Serial Enumeration / chronology Total Checkouts Full call number Barcode Date last seen Date checked out Cost, replacement price Price effective from Koha item type
    Library of Congress Classification     Books Judith Thomas Library Judith Thomas Library General Stacks 04/08/2011 Donation, Dr. Jan Paulsen 25.00 AUA000725 1 BF1999 .W228 1996 AUA000725 26/01/2016 12/03/2015 25.00 04/08/2011 Books